00414pam a2200169a 44500008004100000020002400041082001600065100001600081245003200097250001200129260003200141300001000173700001700183700001400200906001100214999001900225230405s2007 xxu||||| |||| 00| 0 eng d a8184481101cRs. 275 a610.73bGUP aGupta, L.C. aPractical Nursing Procedure a3rd Ed. aNew DelhibJaypee Pubc2007 a551 p aGupta, Priya aSahu, UG. a001603 c250296d250296